Statistics for All the Texas sports teams

Click here to take the quiz!

General Stats

  • This quiz has been taken 34 times
    (20 since last reset)
  • The average score is 9 of 11

Answer Stats

HintAnswer% Correct
DallasCowboys
100%
This team just won the World SeriesAstros
94%
HoustonTexans
94%
San AntonioSpurs
88%
DallasMavericks
82%
TexasRangers
82%
HoustonRockets
82%
DallasStars
82%
Horned FrogsTCU
76%
CollegeLonghorns
59%
BearsBaylor
47%

Score Distribution

Percentile by Number Answered

Percent of People with Each Score

Your Score History

You have not taken this quiz since the last reset